000 00414nam a22001577a 4500
003 MACL
005 20160112173440.0
008 160112b xxu||||| |||| 00| 0 eng d
040 _cMACL
041 _aHindi
082 _a320
245 _aभारत का संविघान
260 _aआगरा
_bउपकार प्रकाशन
650 _aसंविधान
_9205
942 _2ddc
_cHIN
999 _c52102
_d52102